Humor psychológia a psychopatológia komiky
Enregistré dans:
| Auteur principal: | |
|---|---|
| Format: | Livre |
| Langue: | slovaque |
| Publié: |
Bratislava
IKAR
2019
|
| Édition: | 2. upravené vydanie |
| Sujets: | |
| Tags: |
Pas de tags, Soyez le premier à ajouter un tag!
|
MARC
| LEADER | 00000nam a2200000 4500 | ||
|---|---|---|---|
| 001 | 0287976 | ||
| 005 | 20240416113826.6 | ||
| 020 | |a 978-80-551-6652-0 | ||
| 041 | 0 | |a slo | |
| 044 | |a SK | ||
| 245 | 1 | 0 | |a Humor |b psychológia a psychopatológia komiky |c Anton Heretik |
| 250 | |a 2. upravené vydanie | ||
| 264 | 1 | |a Bratislava |b IKAR |c 2019 | |
| 300 | |a 166 s. | ||
| 610 | 2 | 0 | |a humor |
| 610 | 2 | 0 | |a psychológia |
| 610 | 2 | 0 | |a psychohygiena |
| 610 | 2 | 0 | |a emócie |
| 100 | 1 | |a Heretik, Anton | |